[Event "22nd Open"]
[Site "Andorra la Vella AND"]
[Date "2004.07.11"]
[Round "9"]
[White "Gurevich,M"]
[Black "Nezad,H"]
[Result "1/2-1/2"]
[WhiteElo "2667"]
[BlackElo "2312"]

1.d4 d5 2.c4 e6 3.Nc3 Be7 4.Nf3 Nf6 5.Bg5 O-O 6.e3 Nbd7 7.Rc1 dxc4 8.Bxc4 a6
9.Bd3 c5 10.Ne5 Nxe5 11.dxe5 Nd7 12.Bxe7 Qxe7 13.f4 b5 14.Qh5 f5 15.exf6 Nxf6
16.Qh4 Qa7 17.Ne4 c4 18.Nxf6+ gxf6 19.Qg3+ Kh8 20.Be4 Bb7 21.Qf3 Bxe4 22.Qxe4 f5
23.Qe5+ Qg7  1/2-1/2

[Event "Aiacciu Masters"]
[Site "Ajaccio FRA"]
[Date "2004.10.25"]
[Round "1.1"]
[White "Gurevich,M"]
[Black "Battesti,L"]
[Result "1-0"]
[WhiteElo "2644"]
[BlackElo "1897"]

1.c4 Nf6 2.Nc3 c5 3.g3 d6 4.Bg2 g6 5.d3 Bg7 6.Bg5 O-O 7.Qd2 Re8 8.Nf3 Nbd7
9.Rb1 e5 10.a3 Nf8 11.b4 Ne6 12.bxc5 Nxc5 13.O-O a6 14.Qc2 Qc7 15.Nd2 Rb8
16.Bxf6 Bxf6 17.Nd5 Qd8 18.Ne4 Nxe4 19.Bxe4 Bg7 20.Rb6 f5 21.Bg2 Be6 22.Rfb1 Qg5
23.Nc7 Rbc8 24.Nxe8 Rxe8 25.Qd1 Kf7 26.Ra1 Ra8 27.Bf1 Qd8 28.d4 Bc8 29.Bg2 a5
30.Rxb7+ Bxb7 31.e4 Bd5 32.cxd5 Qc7 33.Qe1 Qd8 34.Bf1  1-0

[Event "Corsica Masters"]
[Site "Bastia FRA"]
[Date "2004.10.29"]
[Round "3"]
[White "Voloshin,L"]
[Black "Gurevich,M"]
[Result "1-0"]
[WhiteElo "2479"]
[BlackElo "2644"]

1.d4 d5 2.Nf3 c6 3.c3 Bf5 4.Bf4 e6 5.e3 Nd7 6.Qb3 b5 7.a4 a6 8.Qa2 Nb6 9.b3 Nf6
10.a5 Nbd7 11.b4 Ne4 12.Nfd2 Ndf6 13.Qb2 Nd6 14.Nb3 Nh5 15.Bxd6 Bxd6 16.Be2 Nf6
17.N1d2 e5 18.dxe5 Bxe5 19.Nf3 Bd6 20.Nfd4 Bd7 21.Nc5 Bxc5 22.bxc5 Ne4 23.Qb4 Qe7
24.Nb3 Qf6 25.Bf3 Qxc3+ 26.Qxc3 Nxc3 27.Kd2 Na4 28.Rhc1 Nb2 29.Kc3 Nc4 30.e4 dxe4
31.Bxe4 O-O-O 32.Re1 Rhe8 33.Rad1 Kc7 34.Bf3 Re5 35.Rxe5 Nxe5 36.Be2 Re8
37.Nd4 Ng6 38.g3 Re5 39.Kb4 Ne7 40.Bf3 Ng8 41.Rd2 Re1 42.Rd1 Re8 43.Rd2 Nf6
44.Re2 Rxe2 45.Bxe2 Ne4 46.f4 Nf2 47.Kc3 Bg4 48.Bf1 Bh3 49.Be2 Ne4+ 50.Kb4 Bg2
51.Bd1 Nf6 52.Bb3 Bd5 53.Bd1 g6 54.Be2 Kd7 55.Bd1 Be4 56.Bb3 Ke7 57.Bd1  1-0

[Event "Corsica Masters KO"]
[Site "Bastia FRA"]
[Date "2004.11.02"]
[Round "2.1"]
[White "Gurevich,M"]
[Black "Anand,V"]
[Result "0-1"]
[WhiteElo "2644"]
[BlackElo "2781"]

1.d4 Nf6 2.c4 e6 3.Nc3 Bb4 4.e3 O-O 5.Ne2 d5 6.a3 Bd6 7.c5 Be7 8.b4 c6 9.Nf4 Nbd7
10.Nd3 a5 11.Rb1 axb4 12.axb4 b6 13.Be2 bxc5 14.bxc5 e5 15.O-O Qc7 16.Nb4 Re8
17.Bd2 exd4 18.exd4 Bb7 19.g3 Nf8 20.Bf4 Qd7 21.Re1 Ng6 22.Be3 Bd8 23.Bf1 Ba5
24.h3 h6 25.Qc2 Re6 26.Bd2 Rxe1 27.Bxe1 Re8 28.Qa4 Bxb4 29.Qxb4 Bc8 30.Bd2 Qf5
31.Re1 Ne4 32.Nxe4 dxe4 33.Qa4 Bd7 34.Qc2 Qd5 35.Be3 Ne7 36.Qd2 Qh5 37.Qd1 Qg6
38.Bg2 Nd5 39.Qd2 Qh5 40.Qd1 Qf5 41.Bd2 Qg6 42.Be3 Bf5 43.Qd2 Ra8 44.Qb2 Qe6
45.Bd2 Bxh3 46.Bxe4 Qd7 47.Qb3 Nf6 48.Bf3 Be6 49.Qd3 Bd5 50.Bf4 Re8 51.Be5 Nh7
52.Re3 Bxf3 53.Rxf3 Ng5 54.Re3 Ra8 55.d5 cxd5 56.Re1 d4 57.f4 Ne6 58.f5 Ng5
59.Rf1 Qd5 60.Bf4 Ra2  0-1

[Event "TCh-BEL 2004-5"]
[Site "Belgium BEL"]
[Date "2004.12.05"]
[Round "5"]
[White "Dutreeuw,M"]
[Black "Gurevich,M"]
[Result "1/2-1/2"]
[WhiteElo "2353"]
[BlackElo "2644"]

1.e4 d6 2.d4 Nf6 3.Nc3 g6 4.Be3 c6 5.f3 b5 6.g4 Qc7 7.g5 Nh5 8.Qd2 Nd7 9.a4 b4
10.Nce2 d5 11.exd5 cxd5 12.Qxb4 Rb8 13.Qc3 Qb7 14.Ng3 e6 15.Kf2 Qxb2 16.Qxb2 Rxb2
17.Bd3 Nxg3 18.hxg3 Bd6 19.Ne2 Ke7 20.Nc3 a6 21.Rhb1 Rxb1 22.Rxb1 Nb8 23.Na2 Nc6
24.c3 a5 25.Nc1 Bd7 26.Bb5 Rb8 27.Rb3 Na7 28.Bxd7 Kxd7 29.Bf4 Bxf4 30.gxf4 Rxb3
31.Nxb3 Nc8 32.Nxa5 Nb6 33.Ke3 Nxa4 34.c4 dxc4 35.Nxc4 Nc3 36.Ne5+ Ke7 37.Nd3 Nd5+
38.Kd2 Kd6  1/2-1/2

[Event "Open"]
[Site "Metz FRA"]
[Date "2005.04.17"]
[Round "2"]
[White "Gurevich,M"]
[Black "Colson,A"]
[Result "1-0"]
[WhiteElo "2630"]
[BlackElo "2148"]

1.Nf3 c5 2.b3 d6 3.c4 Nf6 4.Nc3 g6 5.Bb2 Bg7 6.d3 O-O 7.g3 b6 8.Bg2 Bb7 9.O-O Nbd7
10.Qc2 a6 11.a3 Qc7 12.Rac1 Rac8 13.Qb1 Qb8 14.b4 Qa8 15.Ne1 Bxg2 16.Nxg2 d5
17.cxd5 Nxd5 18.Nxd5 Qxd5 19.Bxg7 Kxg7 20.Ne3 Qe6 21.bxc5 Nxc5 22.Qb4 h5
23.Rc4 f5 24.Rb1 Rb8 25.a4 a5 26.Qc3+ Kh7 27.Qc2 Rbc8 28.Rb5 g5 29.d4 Ne4
30.Rxb6 Nd6 31.Rc5 Kg7 32.Ra6 f4 33.gxf4 gxf4 34.Ng2 Qg4 35.f3 Qe6 36.Raxa5 Rxc5
37.Rxc5 Nf5 38.Re5 Qg6 39.Qe4  1-0

[Event "Open"]
[Site "Metz FRA"]
[Date "2005.04.19"]
[Round "4"]
[White "Gurevich,M"]
[Black "Dunis,A"]
[Result "1/2-1/2"]
[WhiteElo "2630"]
[BlackElo "2485"]

1.d4 d5 2.c4 c6 3.Nf3 Nf6 4.e3 Bf5 5.Nc3 e6 6.Nh4 Bg6 7.Nxg6 hxg6 8.Bd2 Nbd7
9.Rc1 a6 10.Bd3 dxc4 11.Bxc4 b5 12.Be2 c5 13.Bf3 Rb8 14.Ne2 Bd6 15.g3 O-O
16.O-O e5 17.dxc5 Nxc5 18.Bb4 Nd3 19.Qxd3 Bxb4 20.Qb3 Qa5 21.a3 Be7 22.Rfd1 b4
23.a4 Rfd8 24.h3 Rxd1+ 25.Rxd1 Rd8 26.g4 Rxd1+ 27.Qxd1 g5 28.Ng3 g6 29.Be2 Qb6
30.Bc4 Bf8 31.Qd3 e4 32.Nxe4 Nxe4 33.Qxe4 a5 34.Qd5 Qc7 35.b3 Bh6 36.Kg2 Qa7
37.Qd8+ Kh7 38.Qf6 Qb7+ 39.Kg1 Bg7 40.Qxg5 Qf3 41.Bd5 Qd1+ 42.Kg2 Bf6 43.Qxf6 Qxd5+
44.Kg3 Qxb3 45.h4 Qe6 46.Qd4 b3 47.f3 Qe7 48.h5 Qb7 49.Qf6 Qb8+ 50.f4 Qe8
51.Kg2 gxh5 52.Qf5+ Kg8 53.Qg5+ Kf8 54.Qc5+ Qe7 55.Qc8+ Qe8 56.Qc5+ Qe7 57.Qc8+ Qe8
58.Qc5+ Qe7  1/2-1/2

[Event "Open"]
[Site "Metz FRA"]
[Date "2005.04.20"]
[Round "5"]
[White "Shirazi,K"]
[Black "Gurevich,M"]
[Result "0-1"]
[WhiteElo "2399"]
[BlackElo "2630"]

1.e4 e6 2.d4 d5 3.Nc3 Nf6 4.exd5 exd5 5.a3 Be7 6.h3 O-O 7.Bd3 c5 8.dxc5 Bxc5
9.Nge2 Nc6 10.O-O Ne5 11.Bf4 Re8 12.Bb5 Bd7 13.Bxd7 Qxd7 14.Bg5 Ne4 15.Nxe4 dxe4
16.Qxd7 Nxd7 17.Rfd1 Ne5 18.Nc3 Nc4 19.b3 Nxa3 20.Nd5 Rac8 21.c4 Nc2 22.Ra2 Nd4
23.b4 Ne6 24.bxc5 Nxg5 25.Rxa7 Rxc5 26.Rxb7 Rxc4 27.Nc7 Rc8 28.h4 h5 29.Nd5 Rc1
30.Rb1 Rxb1 31.Rxb1 Rc5 32.Nf4 Rf5 33.Ne2 Ne6 34.Rb4 Nc5 35.Ng3 Re5 36.Rb5 f6
37.Ne2 Kf7 38.Nf4 Rf5 39.g3 Re5 40.Ra5 Nd3 41.Rxe5 fxe5 42.Nd5 Ke6 43.Ne3 Nb4
44.Kf1 Nd5 45.Nc4 Ne7 46.Ke2 Nf5 47.Kd2 Kd5 48.Ne3+ Nxe3 49.Kxe3 g6 50.Kd2 Kd4
51.Ke2 e3 52.f3 e4 53.f4 Kc4 54.Kxe3 Kd5  0-1

[Event "Open"]
[Site "Metz FRA"]
[Date "2005.04.22"]
[Round "7"]
[White "Savchenko,S"]
[Black "Gurevich,M"]
[Result "0-1"]
[WhiteElo "2512"]
[BlackElo "2630"]

1.d4 d6 2.Nf3 g6 3.g3 Nf6 4.Bg2 Bg7 5.O-O O-O 6.c4 Nc6 7.Nc3 Bf5 8.b3 e5
9.d5 Ne7 10.Ng5 h6 11.Nge4 Ne8 12.Bb2 Bd7 13.c5 f5 14.cxd6 cxd6 15.Nd2 e4
16.a4 g5 17.Nc4 Ng6 18.Qd2 Ne5 19.Nb5 Bxb5 20.axb5 Nxc4 21.bxc4 Bxb2 22.Qxb2 Qb6
23.g4 Nf6 24.gxf5 e3 25.f4 g4 26.Qa3 Rf7 27.c5 dxc5 28.Rac1 c4 29.Rxc4 Qxb5
30.Rfc1 Qb6 31.Qc3 Re8 32.Rc8 Rxc8 33.Qxc8+ Kg7 34.Qc3 Re7 35.Qa3 Rd7 36.Rc8 Rf7
37.Rc1 Qd4 38.d6 Qxf4 39.Qd3 Rd7 40.Rd1 h5 41.Qd4 Qf2+ 42.Kh1 Qxe2 43.Rf1 Qd2
44.Qf4 Rxd6 45.Qg5+ Kf8 46.Qh6+ Ke7 47.Qg7+ Ke8  0-1

[Event "ch-FRA Top 16 Poule Haute"]
[Site "Port Barcares FRA"]
[Date "2005.05.04"]
[Round "8"]
[White "Gurevich,M"]
[Black "Riff,JN"]
[Result "1-0"]
[WhiteElo "2630"]
[BlackElo "2438"]

1.c4 Nf6 2.d4 e6 3.Nc3 Bb4 4.e3 O-O 5.Ne2 d5 6.a3 Bd7 7.cxd5 exd5 8.g3 c6
9.Bg2 Re8 10.O-O Bg4 11.f3 Be6 12.e4 dxe4 13.fxe4 Na6 14.Nf4 Bc4 15.Rf2 Nc7
16.b3 Be6 17.h3 Bf8 18.Be3 a6 19.Nxe6 Rxe6 20.Qc2 Nb5 21.Nxb5 axb5 22.a4 bxa4
23.Rxa4 Rxa4 24.bxa4 Qe7 25.e5 Nd5 26.Bxd5 cxd5 27.Qb3 Qd7 28.Rb2 Re7 29.Bg5 f6
30.exf6 gxf6 31.Bxf6 Re1+ 32.Kg2 Qf5 33.Rf2 Qe4+ 34.Qf3 Ra1 35.Qxe4 dxe4
36.Re2 Rxa4 37.Rxe4 Bd6 38.Re6 Ra2+ 39.Kf3 Ra3+ 40.Ke4 Bxg3 41.Re7 Ra6 42.Kf5 Ra5+
43.Kg4 Ra6 44.Kf5 Ra5+ 45.Ke4 Ra6 46.Bg5 Rg6 47.Kf5 Rd6 48.Be3 b6 49.Rb7 Rd5+
50.Kg4 Be1 51.Rxb6 Bc3 52.Rb3 Ba5 53.Kf4 Bc7+ 54.Ke4 Rh5 55.Bf2 Kf8 56.Rf3+ Ke7
57.Kd3 Bd6 58.Kc4 Kd7 59.d5 Be7 60.Rb3 Kc8  1-0

[Event "ch-FRA Top 16 Poule Haute"]
[Site "Port Barcares FRA"]
[Date "2005.05.05"]
[Round "9"]
[White "Svidler,P"]
[Black "Gurevich,M"]
[Result "1-0"]
[WhiteElo "2725"]
[BlackElo "2630"]

1.e4 e6 2.d4 d5 3.Nc3 Nf6 4.Bg5 dxe4 5.Nxe4 Nbd7 6.Nf3 h6 7.Nxf6+ Nxf6 8.Be3 Nd5
9.Qd2 Bb4 10.c3 Bd6 11.O-O-O Qe7 12.Ne5 Bxe5 13.dxe5 Bd7 14.Qd4 Nxe3 15.Qxe3 Bc6
16.Rd4 O-O 17.Bd3 Rad8 18.Rg4 f5 19.exf6 Qxf6 20.f3 h5 21.Rg6 Qf4 22.Qxf4 Rxf4
23.Bc2 Rf6 24.h4 Rxg6 25.Bxg6 Be8 26.Bxe8 Rxe8 27.Rd1 Kf7 28.Rd7+ Re7 29.Rd8 e5
30.Kd2 e4 31.f4 e3+ 32.Ke2 g6 33.Rd3 Kf6 34.Rxe3 Rd7 35.Re5 Rd6 36.Ra5 a6
37.Rc5 c6 38.Re5 Rd8 39.a4 Rd7 40.a5 Rd8 41.b4 Rd7 42.g3 Rd8 43.Rg5 Rd7 44.Ke3 Rd1
45.Ke4 Rd7 46.f5 Re7+ 47.Kf4 gxf5 48.Rxf5+ Kg6 49.Rg5+ Kh6 50.Re5 Rd7 51.Re6+ Kg7
52.Ke4 Kh7 53.Rf6 Kg7 54.Rf3 Rd1 55.Rd3 Re1+ 56.Kd4 Kf6 57.Rf3+ Kg6 58.c4  1-0

[Event "1st Rapid"]
[Site "Venaco FRA"]
[Date "2005.10.29"]
[Round "10"]
[White "Gurevich,M"]
[Black "Socko,B"]
[Result "1/2-1/2"]
[WhiteElo "2652"]
[BlackElo "2610"]

1.d4 Nf6 2.c3 g6 3.Bg5 Bg7 4.Nd2 h6 5.Bh4 d6 6.e3 c5 7.Bd3 Nc6 8.h3 O-O 9.Ngf3 b6
10.O-O Bb7 11.Qe2 Qc8 12.a3 a5 13.a4 Qc7 14.Bg3 Rac8 15.Rfd1 Rfd8 16.Nc4 Nb8
17.Na3 Ne4 18.Bh2 Qd7 19.Nb5 Ba8 20.Nd2 Nxd2 21.Rxd2 c4 22.Bc2 Bc6 23.Na3 d5
24.Nb1 Qe6 25.Rd1 Nd7 26.Nd2 Nf6 27.Be5 Bf8 28.Rdb1 Nd7 29.Bg3 Nf6 30.b3 cxb3
31.Rxb3 Be8 32.Rab1 Bxa4 33.Rxb6 Qd7 34.Rb7 Qe8 35.Qd3 Bxc2 36.Qxc2 Qc6 37.R7b3 a4
38.Ra3 Ra8 39.Rba1 Rdc8 40.Rxa4 Rxa4 41.Rxa4 Qxc3 42.Qxc3 Rxc3 43.Ra8 Nh5
44.Bh4 f6 45.g4 Ng7 46.Rd8 g5 47.Bg3 h5 48.Rxd5 h4 49.Bh2 Ne6 50.Ne4 Rc1+
51.Kg2 Kf7 52.Rd7 Ke8 53.Ra7 Rd1 54.Rb7 Rd3 55.Rb6 Ng7 56.Rb8+ Kf7 57.Nc5 Rd2
58.Bc7 e6 59.Nd7 Be7 60.Rb7 Ne8 61.Bb8 Rc2 62.Nc5 e5 63.Ne4 exd4 64.exd4 Kf8
65.d5 Rc4 66.Kf3 Rd4 67.Rd7 f5 68.Nxg5 Bxg5 69.gxf5 Nf6 70.Bd6+ Kg8 71.Rd8+ Kf7
72.Be5 Rxd5 73.Bxf6 Rxf5+ 74.Kg4 Bxf6 75.Kxf5 Bxd8 76.Kg4 Kg6 77.Kf3 Kf5
78.Kg2 Kf4 79.Kg1 Ke5  1/2-1/2

[Event "1st Rapid"]
[Site "Venaco FRA"]
[Date "2005.10.29"]
[Round "11"]
[White "Socko,B"]
[Black "Gurevich,M"]
[Result "1/2-1/2"]
[WhiteElo "2610"]
[BlackElo "2652"]

1.e4 e6 2.d4 d5 3.Nc3 Nf6 4.e5 Nfd7 5.f4 c5 6.Nf3 Nc6 7.Be3 cxd4 8.Nxd4 Bc5
9.Qd2 Nxd4 10.Bxd4 Bxd4 11.Qxd4 Qb6 12.Qxb6 Nxb6 13.Nb5 Ke7 14.O-O-O Bd7
15.Nd4 a6 16.Bd3 Nc8 17.g4 Na7 18.c3 Nc6 19.Nf3 Raf8 20.g5 h6 21.h4 h5 22.Kd2 g6
23.Ke3 Rc8 24.Rh2 Rc7 25.Rc2 Rhc8 26.Rdc1 Kd8 27.a3 Na5 28.Nd4 Ba4 29.Rf2 Ke7
30.Rb1 Nc6 31.Nxc6+ Rxc6 32.Rd2 Bb3 33.Be2 Bc4 34.Bf3 Rb6 35.Bd1 Bb3 36.Be2 Ba4
37.Rc1 Bb5 38.Bd1 Bc4 39.Rb1 Bb5 40.Rc1 Bc4  1/2-1/2

[Event "1st Rapid"]
[Site "Venaco FRA"]
[Date "2005.10.29"]
[Round "12"]
[White "Socko,B"]
[Black "Gurevich,M"]
[Result "0-1"]
[WhiteElo "2610"]
[BlackElo "2652"]

1.e4 e6 2.d4 d5 3.Nc3 Nf6 4.e5 Nfd7 5.f4 c5 6.Nf3 Nc6 7.Ne2 Be7 8.c3 O-O
9.g3 cxd4 10.cxd4 Nb6 11.Bg2 a5 12.O-O a4 13.g4 a3 14.bxa3 Nc4 15.Rb1 Bxa3
16.Rb3 Bxc1 17.Nxc1 b6 18.Qc2 f6 19.Qf2 fxe5 20.fxe5 Bd7 21.Rd1 Qe7 22.Bf1 Rf4
23.Qg3 Raf8 24.Ne2 R4f7 25.h4 Nb4 26.Bg2 g6 27.Ng5 Rg7 28.Nf4 Na5 29.Rxb4 Rxf4
30.Rxb6 Rf8 31.Rf1 Rxf1+ 32.Bxf1 Nc6 33.Qc3 h6 34.Nf3 Rf7 35.Bg2 Qe8 36.Qc1 Kg7
37.a4 Qa8 38.h5 gxh5 39.gxh5 Qxa4 40.Qe1 Nxd4 41.Qg3+ Kf8 42.Rb8+ Be8 43.Kh2 Ne2
44.Qf2 Qf4+ 45.Kh1 Ng3+ 46.Kg1 Ne4 47.Qb2 Rc7 48.Qa3+ Kf7 49.Rb1 Rc2 50.Qa7+ Kg8
51.Qe7 Rxg2+ 52.Kxg2 Qg3+  0-1

[Event "1st Rapid"]
[Site "Venaco FRA"]
[Date "2005.10.29"]
[Round "13"]
[White "Gurevich,M"]
[Black "Socko,B"]
[Result "1/2-1/2"]
[WhiteElo "2652"]
[BlackElo "2610"]

1.c4 e5 2.Nc3 c5 3.g3 Nc6 4.Bg2 d6 5.d3 g6 6.Rb1 Bg7 7.a3 a5 8.e3 Nge7 9.Nge2 Nf5
10.Nd5 Be6 11.Nec3 h5 12.h3 O-O 13.O-O Rb8 14.b4 axb4 15.axb4 cxb4 16.Nxb4 Nfe7
17.Nbd5 f5 18.Bd2 h4 19.Rb5 hxg3 20.fxg3 e4 21.dxe4 Ne5 22.Qe2 N7c6 23.exf5 Bxf5
24.Ne4 Qd7 25.g4 Be6 26.Rxf8+ Rxf8 27.Ng5 Nd8 28.Nxe6 Qxe6 29.Nf4 Qe7 30.Rb1 Bh6
31.Rf1 Qc7 32.Bc3 Kh7 33.Nd5 Rxf1+ 34.Qxf1 Qxc4 35.Qxc4 Nxc4 36.Nf6+ Kg7
37.Nd5+ Kf7 38.Kf2 Nc6 39.h4 b5 40.g5 Bg7 41.Nf6 N6e5 42.Ke2 Bxf6 43.gxf6 Nb6
44.Bd4 Nbd7 45.Bd5+ Kxf6 46.Bc6 Kf5 47.Bxb5 Kg4 48.Bb2 Kxh4 49.Kf2 Kg5 50.Kg3 Kf5
51.Ba4 Nc5 52.Bc2+ Ned3 53.Bd4 Ne4+ 54.Kh2 Ne1 55.Bd1 Nd3 56.Kg2 g5 57.Ba4 Nec5
58.Bc2 Kg4 59.Bd1+ Kf5 60.Bc2 Kg4 61.Bd1+ Kh4 62.Be2 g4 63.Bf6+ Kh5 64.Be7 Nc1
65.Bc4 Ne4 66.Bf7+ Kh6 67.Bd5 Nc3 68.Be6 Nd3 69.Bxd6 Kh5 70.Be7 Ne2 71.Bf7+ Kh6
72.Bc4 Nec1 73.Kg3 Ne5 74.Bb5 Ncd3  1/2-1/2

[Event "Corsica Masters KO"]
[Site "Bastia FRA"]
[Date "2005.11.04"]
[Round "2.1"]
[White "Anand,V"]
[Black "Gurevich,M"]
[Result "1-0"]
[WhiteElo "2788"]
[BlackElo "2652"]

1.e4 d6 2.d4 Nf6 3.f3 g6 4.Be3 c6 5.Qd2 Nbd7 6.c4 a6 7.a4 a5 8.Nc3 e5 9.d5 Nc5
10.Ra3 Bg7 11.Nge2 O-O 12.g4 Bxg4 13.fxg4 Nxg4 14.Bxc5 Qh4+ 15.Ng3 dxc5 16.Qg2 f5
17.exf5 e4 18.Nxe4 Rae8 19.fxg6 Rf2 20.Qh3 Rxe4+ 21.Nxe4  1-0

[Event "TCh-NED 2005-6"]
[Site "Netherlands NED"]
[Date "2005.11.05"]
[Round "3"]
[White "Van Delft,M"]
[Black "Gurevich,M"]
[Result "0-1"]
[WhiteElo "2385"]
[BlackElo "2652"]

1.e4 e6 2.d4 d5 3.Nd2 c5 4.exd5 exd5 5.Ngf3 a6 6.Be2 c4 7.b3 cxb3 8.axb3 Nc6
9.O-O Bd6 10.Bb2 Nge7 11.Re1 O-O 12.Nf1 Nf5 13.Ne5 Nfxd4 14.Bxd4 Bxe5 15.Bxe5 Nxe5
16.Bxa6 Qf6 17.Be2 Rxa1 18.Qxa1 d4 19.Ng3 Rd8 20.Qc1 h6 21.Qd2 Be6 22.f4 Nc6
23.Bd3 Bd5 24.Qe2 Kf8 25.Nh5 Qe6 26.Qd1 Qd7 27.f5 Re8 28.f6 g5 29.Ng7 Rxe1+
30.Qxe1 Qd8 31.Qf2 Be6 32.h3 Ne5 33.Be4 b6 34.Nh5 Qd6 35.Kh1 Nd7 36.Qf3 Ke8
37.Ng7+ Kd8 38.Bf5 Bd5 39.Qe2 Nxf6 40.Qa6 Qc6 41.Qe2 Ne4 42.Nh5 d3 43.cxd3 Nd6
44.Bg4 Bxb3 45.Qe5 Bd5 46.Qf6+ Kc7 47.Qe7+ Kb8 48.Nf6 Bxg2+ 49.Kg1 Bd5 50.Nd7+ Ka8
51.Qf8+ Ka7 52.Qxh6 f5 53.Qg7 fxg4  0-1

[Event "TCh-BEL 2005-6"]
[Site "Belgium BEL"]
[Date "2005.11.20"]
[Round "4"]
[White "Van der Stricht,G"]
[Black "Gurevich,M"]
[Result "1-0"]
[WhiteElo "2401"]
[BlackElo "2652"]

1.d4 d6 2.e4 Nf6 3.Nc3 g6 4.f4 Bg7 5.Nf3 c5 6.Bb5+ Bd7 7.e5 Ng4 8.Bxd7+ Qxd7
9.d5 dxe5 10.h3 e4 11.hxg4 exf3 12.Qxf3 Na6 13.Bd2 O-O-O 14.O-O-O Nc7 15.Be1 f5
16.gxf5 Qxf5 17.g4 Qf7 18.Kb1 h5 19.d6 Rxd6 20.Rxd6 exd6 21.Ne4 Qd5 22.c4 Qc6
23.gxh5 gxh5 24.Bg3 Re8 25.Re1 Kb8 26.f5 Be5 27.Bxe5 Rxe5 28.f6 Ne6 29.f7 Kc7
30.Re3 a6 31.a3 h4 32.Ka2 Nf8 33.Qf4 Qd7 34.Nxd6 Rxe3 35.Nf5+ Kd8 36.Nxe3 Ke7
37.Nd5+ Kd8 38.Qxh4+ Kc8 39.Nb6+  1-0

[Event "TCh-BEL 2005-6"]
[Site "Belgium BEL"]
[Date "2006.01.21"]
[Round "7"]
[White "Gurevich,M"]
[Black "Lemmers,O"]
[Result "1/2-1/2"]
[WhiteElo "2633"]
[BlackElo "2425"]

1.d4 d5 2.c4 c6 3.e3 Bf5 4.Qb3 Qc7 5.Bd2 e6 6.Nf3 Be7 7.Be2 h6 8.Bb4 Nf6
9.Bxe7 Qxe7 10.Nc3 O-O 11.O-O Qc7 12.Rfc1 Qb6 13.Qa3 dxc4 14.Ne5 Nbd7 15.Nxc4 Qc7
16.Qd6 Qd8 17.Qg3 Bh7 18.b4 Qb8 19.b5 cxb5 20.Nxb5 Qxg3 21.hxg3 a6 22.Nbd6 b5
23.Ne5 Nxe5 24.dxe5 Nd7 25.f4 Nb6 26.Rc6 Rab8 27.Kf2 Rfd8 28.Rac1 b4 29.Bxa6 Nd5
30.Bc4 Nc3 31.g4 Ne4+ 32.Ke2 Nxd6 33.Rxd6 Rdc8 34.Kd2 Be4 35.f5 exf5 36.e6 fxg4
37.exf7+ Kf8 38.g3 Rd8 39.Rd4 Rxd4+ 40.exd4 Rd8 41.Ke3 Bd5 42.Bb3 Kxf7 43.Rc5 Re8+
44.Kf2 Bxb3 45.axb3 Re4 46.Rc4 Ke6 47.Rxb4 Kd5 48.Rb7 Kxd4 49.Rxg7 Kc3 50.Rg6  1/2-1/2

[Event "Gibtelecom Masters"]
[Site "Gibraltar ENG"]
[Date "2006.01.24"]
[Round "1"]
[White "Gurevich,M"]
[Black "Lagowski,P"]
[Result "1-0"]
[WhiteElo "2633"]
[BlackElo "2393"]

1.d4 d5 2.c4 e6 3.Nf3 c6 4.Qc2 Nf6 5.Bg5 Nbd7 6.cxd5 exd5 7.Nc3 Bb4 8.e3 h6
9.Bh4 O-O 10.Bd3 Re8 11.O-O Be7 12.Bg3 Nf8 13.h3 Be6 14.Ne5 c5 15.Bb5 N8d7
16.dxc5 Bxc5 17.Rfd1 Rc8 18.Qe2 a6 19.Bxd7 Nxd7 20.Qf3 Nb6 21.Nd3 Bf8 22.Be5 Nc4
23.Bd4 Qg5 24.Nf4 Nxb2 25.Rdb1 Ba3 26.Ncxd5 Bf5 27.Nh5 Bxb1 28.Rxb1 Red8
29.Ndf6+ Kh8 30.Ne4  1-0

[Event "Gibtelecom Masters"]
[Site "Gibraltar ENG"]
[Date "2006.01.25"]
[Round "2"]
[White "Wells,P"]
[Black "Gurevich,M"]
[Result "1/2-1/2"]
[WhiteElo "2501"]
[BlackElo "2633"]

1.d4 d5 2.c4 c6 3.Nf3 Nf6 4.Nc3 e6 5.Bg5 Be7 6.e3 O-O 7.Bd3 Nbd7 8.O-O dxc4
9.Bxc4 Nd5 10.Bxe7 Qxe7 11.Ne4 b6 12.Qe2 Bb7 13.Rac1 c5 14.dxc5 Nxc5 15.Nxc5 bxc5
16.Ba6 Bxa6 17.Qxa6 Rab8 18.b3 Nb4 19.Qe2 Rfd8 20.Rfd1 h6 21.h3 Rxd1+ 22.Rxd1 Rd8
23.a3 Rxd1+ 24.Qxd1 Nd5 25.Qc2 Qc7 26.Nd2 Qa5 27.Nc4 Qe1+ 28.Kh2 Qc3 29.Qd1 f5
30.g3 Kf8 31.Kg2 Ke7 32.g4 g6 33.gxf5 gxf5 34.Kf3 Qg7 35.Qc2 Qa1 36.Qb2 Qxb2
37.Nxb2 e5 38.e4 Nf4 39.h4 Kf6 40.Na4 Ne6 41.Ke3 f4+ 42.Kd3 Ke7 43.Kc4 Kd6
44.Nc3 a6 45.Na4 h5 46.Nb6 Nd4 47.Nd5 Nf3 48.Nf6 Nxh4 49.Nxh5 Nf3 50.Nf6 Nd2+
51.Kc3 Nb1+ 52.Kb2 Ke6 53.Nd5 Nd2 54.Nc3 Nf3 55.Na4 Kd6 56.Kc3 Ng5 57.Kd3 Nh3
58.Ke2 Ng1+ 59.Kd3 Nh3 60.Ke2 Ng1+ 61.Kd3  1/2-1/2

[Event "Gibtelecom Masters"]
[Site "Gibraltar ENG"]
[Date "2006.01.26"]
[Round "3"]
[White "Gurevich,M"]
[Black "Cmilyte,V"]
[Result "1-0"]
[WhiteElo "2633"]
[BlackElo "2475"]

1.d4 Nf6 2.c4 e6 3.Nc3 Bb4 4.Qc2 O-O 5.a3 Bxc3+ 6.Qxc3 b6 7.Nf3 Bb7 8.e3 d5
9.b4 c5 10.dxc5 bxc5 11.Bb2 Nbd7 12.Be2 Nb6 13.cxd5 cxb4 14.axb4 Nbxd5 15.Qa3 Qe7
16.b5 Qxa3 17.Rxa3 Rfc8 18.O-O Rc2 19.Bxf6 gxf6 20.Nd4 Rc3 21.Ra5 Nc7 22.Rfa1 e5
23.Nf5 Rc2 24.Bf1 Be4 25.Nd6 Bd5 26.Rxa7 Rd8 27.Nf5 Be6 28.Ne7+ Kg7 29.b6 Ne8
30.Ra8 Rxa8 31.Rxa8 Nd6 32.Rg8+ Kh6 33.Rd8 Nb7 34.Rb8 Nc5 35.f3 Rb2 36.h4 Nd7
37.Rh8 f5 38.Bd3 Kg7 39.Rd8 Kf6 40.Nxf5 Nc5 41.g4 Nxd3 42.Rxd3 Bxf5 43.gxf5 Kxf5
44.Rd7 Kg6 45.b7 f6 46.Kf1 h6 47.Ke1 Kf5 48.Re7 e4 49.fxe4+ Kg4 50.Kd1 Kxh4
51.Kc1 Rb6 52.Rg7 h5 53.Kd2 Kh3 54.Kd3 h4 55.Kd4 Kh2 56.Kc5 Rb2 57.Kc6 Rc2+
58.Kd7 Rd2+ 59.Kc8 Rc2+ 60.Rc7 Rb2 61.b8=Q Rxb8+ 62.Kxb8 Kg3 63.Rf7  1-0

[Event "Gibtelecom Masters"]
[Site "Gibraltar ENG"]
[Date "2006.01.30"]
[Round "7"]
[White "Gurevich,M"]
[Black "Sandipan,C"]
[Result "1-0"]
[WhiteElo "2633"]
[BlackElo "2522"]

1.c4 Nf6 2.Nc3 e6 3.Nf3 Bb4 4.Qc2 O-O 5.a3 Bxc3 6.Qxc3 b6 7.e3 Bb7 8.Be2 c5
9.b4 d6 10.Bb2 Nc6 11.O-O Re8 12.d4 cxd4 13.Nxd4 Nxd4 14.Qxd4 d5 15.cxd5 Qxd5
16.Qxd5 Nxd5 17.Rac1 Rac8 18.Rfd1 Rxc1 19.Rxc1 Rc8 20.Rxc8+ Bxc8 21.e4 Ne7
22.b5 f6 23.Bc3 Kf7 24.Bc4 Ng6 25.Bb4 Ne5 26.Be2 Bb7 27.f3 Nd7 28.Bd6 g6
29.Kf2 f5 30.exf5 gxf5 31.g4 fxg4 32.fxg4 Bd5 33.Ke3 Kg6 34.h4 h6 35.h5+ Kg7
36.Bg3 Nf6 37.Be5 Kf7 38.Bf4 Kg7 39.Kd4 Ne4 40.Be5+ Kf7 41.Bf4 Kg7 42.Ke5 Nc3
43.Bd3 Bf3 44.Kd6 Na4 45.Be5+ Kg8 46.g5 Nc5 47.Bg6 Ne4+ 48.Kxe6 Nxg5+ 49.Ke7 Be2
50.Bb8 a6 51.bxa6 Bxa6 52.Ba7 Nf3 53.Bxb6 Ne5 54.Be8 Bc4 55.Bd4 Nd3 56.Be3 Kg7
57.a4 Nb4 58.Bd4+ Kg8 59.a5 Nd5+ 60.Kd6 Nf4 61.Be3 Kf8 62.Bc6 Nxh5 63.Bxh6+ Kf7
64.Bd5+ Bxd5 65.Kxd5  1-0

[Event "TCh-FRA Top 16 Gp B"]
[Site "Gonfreville FRA"]
[Date "2006.03.31"]
[Round "5"]
[White "Gurevich,M"]
[Black "Galdunts,S"]
[Result "1/2-1/2"]
[WhiteElo "2633"]
[BlackElo "2485"]

1.d4 d5 2.c4 e6 3.Nc3 c5 4.cxd5 exd5 5.Nf3 Nc6 6.g3 Nf6 7.Bg2 Be7 8.O-O O-O
9.Bg5 c4 10.Ne5 Be6 11.b3 Qa5 12.Qd2 Rad8 13.Nxc6 bxc6 14.bxc4 dxc4 15.Bxc6 Bb4
16.Rac1 Rd6 17.Bxf6 gxf6 18.Be4 Rfd8 19.e3 f5 20.Bg2 f4  1/2-1/2

[Event "TCh-FRA Top 16 Gp B"]
[Site "Gonfreville FRA"]
[Date "2006.04.01"]
[Round "6"]
[White "Nezar,M"]
[Black "Gurevich,M"]
[Result "0-1"]
[WhiteElo "2394"]
[BlackElo "2633"]

1.e4 e6 2.d4 d5 3.Nd2 c5 4.exd5 exd5 5.Bb5+ Bd7 6.Qe2+ Be7 7.dxc5 Nf6 8.Nb3 O-O
9.Nf3 Re8 10.Be3 a6 11.Bd3 Ba4 12.Nfd4 Nbd7 13.O-O-O Nxc5 14.Qf3 Bxb3 15.Nxb3 Nxd3+
16.Rxd3 Rc8 17.Kb1 a5 18.Nd4 Ne4 19.Nf5 Bf6 20.h4 b5 21.Bd4 Bxd4 22.Rxd4 b4
23.Rhd1 Qb6 24.Qg3 Qf6 25.Qf4 g6 26.f3 Nf2 27.Nh6+ Kg7 28.Qxf6+ Kxf6 29.Rc1 Re2
30.Rxd5 Kg7 31.Ng4 Nxg4 32.fxg4 Rc4 33.Rxa5 Rxg2 34.g5 Rxh4 35.b3 h6 36.gxh6+ Kxh6
37.a4 bxa3 38.Rxa3 f5 39.c4 Rhh2 40.c5 Rb2+ 41.Ka1 Rbc2 42.Rxc2 Rxc2 43.Ra5 f4
44.Kb1 Re2 45.c6 f3 46.c7 Re8 47.Rc5 f2 48.Rc1 g5 49.Rf1 Re1+ 50.Kc2 Rxf1
51.c8=Q Rc1+ 52.Kxc1 f1=Q+ 53.Kd2 Qf2+ 54.Kd3 Qf3+ 55.Kc4 Qe4+ 56.Kb5 g4
57.b4 Kg5 58.Qg8+ Kf4 59.Ka5 g3 60.b5 g2 61.Qf8+ Ke3 62.Qc5+ Qd4 63.Qg5+ Kf3
64.Qh5+ Kf2 65.Qf5+ Ke1 66.Qe6+ Kd1 67.Qb3+ Kc1 68.Qa3+ Kc2 69.Qa2+ Qb2 70.Qa4+ Kc3
71.b6 g1=Q 72.Qc6+ Kd2 73.Ka6 Qa3+ 74.Kb7 Qg7+ 75.Qc7 Qf3+ 76.Kb8 Qgf8+  0-1

[Event "5th Open"]
[Site "Istanbul TUR"]
[Date "2006.09.01"]
[Round "3"]
[White "Gurevich,M"]
[Black "Chigladze,I"]
[Result "1-0"]
[WhiteElo "2643"]
[BlackElo "2317"]

1.d4 d5 2.c4 e6 3.Nc3 Nf6 4.Bg5 Be7 5.e3 O-O 6.Nf3 h6 7.Bh4 Ne4 8.Bxe7 Qxe7
9.Qc2 c6 10.Bd3 Nxc3 11.Qxc3 dxc4 12.Bxc4 Nd7 13.O-O b6 14.e4 Bb7 15.Rfe1 Rfe8
16.Rad1 c5 17.Bb5 Red8 18.d5 exd5 19.exd5 Qd6 20.Nh4 Nf6 21.Nf5 Qf4 22.Re5 Kf8
23.a3 a6 24.g3 Qg4 25.f3 Qg5 26.Ne3 Qxe5 27.Qxe5 axb5 28.Qc7 Bxd5 29.Qxb6  1-0